Close-Up Movie Posters IV Quiz Stats

 Plays Quiz Updated Mar 2, 2016

Challenge
Share
Tweet
Score 0/25 Timer 05:00
0 Plays Today
% Correct
Up
94.9%
Twilight
90.9%
Pirates of the Caribbean: Curse of the Black Pearl
90.5%
Life of Pi
90.3%
The Dark Knight
89.3%
Lord of The Rings: The Fellowship of the Ring
87.5%
Dirty Dancing
87%
Free Willy
85.7%
Tangled
78.1%
Iron Man
74.4%
The Revenant
73.3%
The Princess Diaries
72.8%
Inception
72.2%
% Correct
Skyfall
71.8%
The Martian
69.5%
The Shawshank Redemption
69.4%
Saving Private Ryan
69%
Top Gun
60.3%
12 Years a Slave
56.6%
The Fault in Our Stars
55%
The Hurt Locker
48%
Johnny English
46%
The Imitation Game
42%
Into the Wild
35.4%
It's a Wonderful Life
20.3%

You're not logged in!

Compare scores with friends on all Sporcle quizzes.
Join for Free
OR
Log In

You Might Also Like...

Show Comments

Extras

Top Quizzes Today


Score Distribution

Your Account Isn't Verified!

In order to create a playlist on Sporcle, you need to verify the email address you used during registration. Go to your Sporcle Settings to finish the process.

Report this User

Report this user for behavior that violates our Community Guidelines.

Details: